[Event "FIDE-Wch"]
[Site "NLD/INA"]
[Date "1993.??.??"]
[Round "6"]
[White "Karpov, Anatoly"]
[Black "Timman, Jan H"]
[Result "1-0"]
[WhiteElo "2760"]
[BlackElo "2620"]
[PlyCount "65"]
[EventDate "1993.09.??"]
[Source "ChessBase"]

1. d4 Nf6 2. c4 e6 3. Nf3 d5 4. Nc3 dxc4 5. e4 Bb4 6. Bg5 c5 7. Bxc4 cxd4 8.
Nxd4 Bxc3+ 9. bxc3 Qa5 10. Nb5 Bd7 11. Nd6+ Ke7 12. Qd2 Bc6 13. f4 Nbd7 14. Rd1
Rhd8 15. Qd4 h6 16. Bh4 Qh5 17. Bf2 Kf8 18. e5 Nd5 19. O-O Qg4 20. h3 Qh5 21.
f5 Kg8 22. Rd3 N7b6 23. Bxd5 Bxd5 24. Rg3 Rd7 25. Be3 Bc4 26. Rf4 f6 27. exf6
e5 28. Qxe5 Qd1+ 29. Kh2 Qxd6 30. f7+ Kxf7 31. Qxg7+ Ke8 32. Qh8+ Ke7 33. Re4+
1-0